[Event "World Blitz Women 2017"]
[Site "Riyadh KSA"]
[Date "2017.12.29"]
[Round "8.5"]
[White "Batsiashvili, Nino"]
[Black "Ju, Wenjun"]
[Result "1/2-1/2"]
[WhiteTitle "IM"]
[BlackTitle "GM"]
[WhiteElo "2502"]
[BlackElo "2567"]
[WhiteFideId "13602993"]
[BlackFideId "8603006"]
[EventDate "2017.12.29"]

1. d4 d6 2. c4 e5 3. Nc3 exd4 4. Qxd4 Nc6 5. Qd2 g6 6. b3 Bg7 7. Bb2 Nf6 8. Nf3
O-O 9. g3 Bg4 10. Bg2 Qd7 11. O-O Rfe8 12. Rac1 Bh3 13. Nd5 Ne4 14. Qc2 Bxg2 15.
Kxg2 f5 16. Bxg7 Qxg7 17. b4 Rac8 18. c5 dxc5 19. bxc5 Qf7 20. Rfd1 Rcd8 21. Nf4
Nb4 22. Qb2 Rxd1 23. Rxd1 Na6 24. c6 bxc6 25. Ne5 Qf6 26. Qb3+ Kh8 27. Ned3 Nac5
28. Nxc5 Nxc5 29. Qc4 Ne4 30. Rd7 Re7 31. Rd8+ Kg7 32. Qg8+ Kh6 33. h4 Qf7 34.
Qh8 Qg7 35. Qxg7+ Kxg7 36. Ra8 Nc3 37. e3 Nxa2 38. Rxa7 Nb4 39. Rxc7 Rxc7 40.
Ne6+ Kf6 41. Nxc7 Ke5 42. Kf3 Nd5 43. Na6 Nc3 44. Nb4 c5 45. Nc2 c4 46. g4 Nd5
47. gxf5 gxf5 48. Ke2 Nc3+ 49. Kd2 Ne4+ 50. Ke2 Nd6 51. Nd4 Kd5 52. Kd2 Ne4+ 53.
Ke2 Nd6 54. Kd2 Ne4+ 55. Ke2 Nd6 56. Kd2 Ke5 57. Ke2 Kd5 58. Kd2 Ne4+ 59. Ke2 f4
60. h5 c3 61. Nc2 fxe3 62. Kxe3 Nf6 63. Kd3 Nxh5 64. Kxc3 Ke4 65. Kd2 Kf3 66.
Ke1 Nf4 67. Kf1 h5 68. Ne1+ Kg4 69. Kg1 h4 70. Kh2 h3 71. Kg1 Ne2+ 72. Kh2 Nd4
73. f3+ Kh4 74. Ng2+ hxg2 75. Kxg2 1/2-1/2

[Event "World Blitz Women 2017"]
[Site "Riyadh KSA"]
[Date "2017.12.29"]
[Round "8.6"]
[White "Krush, Irina"]
[Black "Bodnaruk, Anastasia"]
[Result "0-1"]
[WhiteTitle "GM"]
[BlackTitle "IM"]
[WhiteElo "2431"]
[BlackElo "2428"]
[WhiteFideId "2012782"]
[BlackFideId "4181751"]
[EventDate "2017.12.29"]

1. c4 e5 2. e3 g6 3. Nc3 Bg7 4. Nf3 f5 5. d3 d6 6. Be2 Nf6 7. O-O O-O 8. b4 h6
9. Bb2 Be6 10. a4 g5 11. d4 e4 12. Nd2 g4 13. d5 Bf7 14. a5 Nbd7 15. Nb5 Ne5 16.
Bxe5 dxe5 17. Qc2 a6 18. Nc3 Nh7 19. Rfd1 Ng5 20. c5 Bg6 21. Nc4 h5 22. d6 c6
23. d7 f4 24. Rd6 Bf5 25. Bf1 g3 26. fxg3 fxg3 27. hxg3 Nf7 28. Rd2 Qg5 29. Nxe4
Qg6 30. Bd3 Bxe4 31. Bxe4 Qxg3 32. Rad1 Rad8 33. Qb3 Kh8 34. Nd6 Ng5 35. Qd3 h4
36. Nf5 Rxf5 37. Bxf5 h3 38. e4 Qf4 39. Qe2 0-1

[Event "World Blitz Women 2017"]
[Site "Riyadh KSA"]
[Date "2017.12.29"]
[Round "8.7"]
[White "Tan, Zhongyi"]
[Black "Saduakassova, Dinara"]
[Result "1-0"]
[WhiteTitle "GM"]
[BlackTitle "IM"]
[WhiteElo "2517"]
[BlackElo "2460"]
[WhiteFideId "8603642"]
[BlackFideId "13700090"]
[EventDate "2017.12.29"]

1. d4 Nf6 2. c4 e6 3. Nf3 b6 4. g3 Bb4+ 5. Bd2 Bxd2+ 6. Qxd2 Ba6 7. b3 c6 8. Bg2
d5 9. Qc2 O-O 10. O-O Nbd7 11. Rd1 Rc8 12. Nbd2 c5 13. dxc5 Rxc5 14. Rac1 dxc4
15. bxc4 Qe7 16. Nd4 Rfc8 17. Qa4 Nb8 18. N4b3 R5c7 19. h3 h6 20. Bf3 e5 21. Bg2
e4 22. e3 Qe5 23. Nd4 b5 24. Qa5 Rc5 25. N4b3 R5c7 26. cxb5 Rxc1 27. Rxc1 Rxc1+
28. Nxc1 Bxb5 29. Qxa7 Nc6 30. Qb7 Qc3 31. Qxb5 Qxc1+ 32. Nf1 Qc3 33. a4 Ne5 34.
a5 Nd3 35. a6 Qc2 36. Qf5 Qa2 37. Nd2 Qxd2 38. a7 Qa2 39. Qc8+ Kh7 40. a8=Q
Qxf2+ 41. Kh1 Qe1+ 42. Kh2 Nf2 43. Qh8+ Kg6 44. Qaf8 N6g4+ 45. hxg4 Nxg4+ 46.
Kh3 Qc3 47. Qhxg7+ Qxg7 48. Qxg7+ Kxg7 49. Kxg4 1-0

[Event "World Blitz Women 2017"]
[Site "Riyadh KSA"]
[Date "2017.12.29"]
[Round "8.8"]
[White "Harika, Dronavalli"]
[Black "Michna, Marta"]
[Result "0-1"]
[WhiteTitle "GM"]
[BlackTitle "WGM"]
[WhiteElo "2504"]
[BlackElo "2377"]
[WhiteFideId "5015197"]
[BlackFideId "1106686"]
[EventDate "2017.12.29"]

1. Nf3 d6 2. d4 g6 3. g3 Bg7 4. Bg2 Nd7 5. O-O e5 6. c4 Ne7 7. Nc3 O-O 8. e3 c6
9. b3 Qc7 10. Ba3 Rd8 11. dxe5 Nxe5 12. Nd4 Nf5 13. Bb2 a5 14. h3 Bd7 15. f4
Nxe3 16. Qe2 Nxf1 17. Rxf1 Ng4 18. Ne4 Nf6 19. Kh2 Nxe4 20. Qxe4 Re8 21. Qd3
Rad8 22. Bc3 Bc8 23. Qd2 Qb6 24. f5 Qc5 25. f6 Bf8 26. Bxa5 b6 27. Bb4 Qh5 28.
Nxc6 Re2 29. Qxe2 Qxe2 30. Nxd8 Bxh3 31. Kxh3 Qh5# 0-1

[Event "World Blitz Women 2017"]
[Site "Riyadh KSA"]
[Date "2017.12.29"]
[Round "8.11"]
[White "Gevorgyan, Maria"]
[Black "Lei, Tingjie"]
[Result "0-1"]
[WhiteTitle "WIM"]
[BlackTitle "GM"]
[WhiteElo "2275"]
[BlackElo "2528"]
[WhiteFideId "13300270"]
[BlackFideId "8605114"]
[EventDate "2017.12.29"]

1. e4 c6 2. d4 d5 3. Nc3 dxe4 4. Nxe4 Bf5 5. Ng3 Bg6 6. Bc4 e6 7. N1e2 Bd6 8.
Nf4 Nd7 9. h4 Qc7 10. Nge2 Ngf6 11. Bb3 Bf5 12. c4 e5 13. c5 Be7 14. Ng3 Bg4 15.
Bxf7+ Kxf7 16. Qb3+ Ke8 17. Ne6 Bxe6 18. Qxe6 exd4 19. Nf5 Qe5+ 20. Qxe5 Nxe5
21. O-O Ng6 22. Nxd4 Kf7 23. b4 Nd5 24. a3 a5 25. Bb2 Bf6 26. h5 Ngf4 27. b5
Bxd4 0-1

[Event "World Blitz Women 2017"]
[Site "Riyadh KSA"]
[Date "2017.12.29"]
[Round "8.12"]
[White "Ushenina, Anna"]
[Black "Kulon, Klaudia"]
[Result "1/2-1/2"]
[WhiteTitle "GM"]
[BlackTitle "WGM"]
[WhiteElo "2416"]
[BlackElo "2370"]
[WhiteFideId "14110911"]
[BlackFideId "1131044"]
[EventDate "2017.12.29"]

1. d4 d5 2. Nf3 c6 3. Bf4 g6 4. e3 Bg7 5. c4 Nf6 6. Nc3 O-O 7. h3 b6 8. Rc1 Bb7
9. Bd3 Na6 10. cxd5 Nxd5 11. Be5 Bxe5 12. Nxe5 c5 13. Bxa6 Nxc3 14. Rxc3 Bxa6
15. dxc5 Qc7 16. Qa4 Bc8 17. Nd3 Bf5 18. O-O Rfd8 19. cxb6 Qxb6 20. Qa3 Bxd3 21.
Rxd3 Rxd3 22. Qxd3 Qxb2 23. Qa6 Qb6 24. Qa3 e6 25. Rd1 Rc8 26. Rd7 Qb1+ 27. Kh2
Qb8+ 28. f4 e5 29. Qxa7 Qxa7 30. Rxa7 exf4 31. exf4 Rc2 32. Ra3 h5 33. Kg3 Kg7
34. h4 Kf6 35. Kf3 Kf5 36. g3 Rc4 37. Ra5+ Kf6 38. Ra3 Kf5 39. Rb3 Rc2 40. Ra3
Rc4 41. Ra5+ Kf6 42. a4 Rc3+ 43. Kf2 Ra3 44. Ra7 Kg7 45. a5 Kf6 46. a6 Kg7 47.
Kg2 Kf6 48. Kf2 Kg7 49. Ra8 Kh7 50. a7 Kg7 51. Ke2 Kf6 52. Kd2 Kf5 53. Kc2 Kg4
54. Kb2 Ra6 55. Kb3 Kxg3 56. Kb4 Kxf4 57. Kb5 Ra1 58. Kb6 Rb1+ 59. Kc7 Rc1+ 60.
Kb7 Rb1+ 61. Kc7 Ra1 62. Kb7 Rb1+ 63. Kc7 Ra1 1/2-1/2

[Event "World Blitz Women 2017"]
[Site "Riyadh KSA"]
[Date "2017.12.29"]
[Round "8.13"]
[White "Javakhishvili, Lela"]
[Black "Gaponenko, Inna"]
[Result "1/2-1/2"]
[WhiteTitle "IM"]
[BlackTitle "IM"]
[WhiteElo "2449"]
[BlackElo "2435"]
[WhiteFideId "13601458"]
[BlackFideId "14101181"]
[EventDate "2017.12.29"]

1. d4 d6 2. Nf3 g6 3. c4 Bg7 4. Nc3 Nf6 5. g3 O-O 6. Bg2 Nc6 7. O-O Bf5 8. Ne1
Qd7 9. e4 Bh3 10. Nc2 Nh5 11. Be3 Bxg2 12. Kxg2 e5 13. d5 Ne7 14. c5 f5 15. f3
f4 16. Bf2 g5 17. g4 Nf6 18. Rc1 h5 19. h3 hxg4 20. hxg4 Ng6 21. c6 bxc6 22.
dxc6 Qxc6 23. Nb4 Qb7 24. Ncd5 Nxd5 25. Qxd5+ Qxd5 26. Nxd5 c5 27. b4 cxb4 28.
Nxb4 Rab8 29. Rb1 Rfc8 30. Bxa7 Ra8 31. Bf2 d5 32. exd5 Bf8 33. Nc6 Rxa2 34. Kg1
Rca8 35. Rfd1 Bd6 36. Rb7 Nf8 37. Ne7+ Bxe7 38. Rxe7 Ra1 39. Rxa1 Rxa1+ 40. Kg2
Ng6 41. Rb7 Rd1 42. Rb5 Rd2 43. Kf1 Nh4 44. Bxh4 gxh4 45. d6 h3 46. Kg1 Rxd6 47.
Rxe5 Rd3 48. Kh2 Rxf3 49. Rh5 Kf7 50. Rxh3 Rxh3+ 51. Kxh3 Kg6 52. Kg2 1/2-1/2

[Event "World Blitz Women 2017"]
[Site "Riyadh KSA"]
[Date "2017.12.29"]
[Round "8.14"]
[White "Stefanova, Antoaneta"]
[Black "Voit, Daria"]
[Result "1/2-1/2"]
[WhiteTitle "GM"]
[BlackTitle "FM"]
[WhiteElo "2500"]
[BlackElo "2390"]
[WhiteFideId "2902257"]
[BlackFideId "4182146"]
[EventDate "2017.12.29"]

1. Nf3 Nf6 2. g3 g6 3. b3 Bg7 4. Bb2 b6 5. Bg2 Bb7 6. c4 O-O 7. O-O d5 8. cxd5
Bxd5 9. d3 c5 10. Nbd2 Nbd7 11. Qc2 Rc8 12. Rac1 Bb7 13. Qb1 Re8 14. Qa1 Qc7 15.
Nc4 Qb8 16. Rfe1 Qa8 17. e4 Red8 18. Rcd1 Nf8 19. a3 Ne8 20. Bxg7 Nxg7 21. Bh3
Nge6 22. Qc1 Rb8 23. Qh6 Nd4 24. Nce5 Nxf3+ 25. Nxf3 Ba6 26. Ne5 Bc8 27. Bg2 Be6
28. b4 Rbc8 29. bxc5 bxc5 30. h4 Qb8 31. Nf3 Qb3 32. Qe3 Qxa3 33. Ra1 Qxd3 34.
Qxd3 Rxd3 35. Rxa7 c4 36. Rc1 c3 37. Ne1 Rd7 38. Ra3 Rdc7 39. Bf1 Nd7 40. f4 f5
41. exf5 Bxf5 42. Ba6 Rb8 43. Raxc3 Rxc3 44. Rxc3 Rb1 45. Re3 Kf7 46. Bc4+ Kf6
47. Kf2 e5 48. fxe5+ Nxe5 49. Be2 Rb2 50. Kg1 Rb1 51. Kf2 Rb2 52. Kg1 Rb1 53.
Kf2 h5 54. Ng2 Rb2 55. Kg1 Rb1+ 56. Kf2 Rb2 57. Kg1 Rb1+ 58. Kf2 Rb2 1/2-1/2

[Event "World Blitz Women 2017"]
[Site "Riyadh KSA"]
[Date "2017.12.29"]
[Round "8.16"]
[White "Nguyen, Thi Mai Hung"]
[Black "Skripchenko, Almira"]
[Result "1-0"]
[WhiteTitle "WGM"]
[BlackTitle "IM"]
[WhiteElo "2321"]
[BlackElo "2403"]
[WhiteFideId "12401676"]
[BlackFideId "13900145"]
[EventDate "2017.12.29"]

1. d4 d6 2. Nf3 Bg4 3. e3 Nd7 4. Be2 e5 5. h3 Bf5 6. c4 h6 7. Nc3 Ngf6 8. O-O
Be7 9. b3 O-O 10. Bb2 c6 11. Re1 Re8 12. Bf1 e4 13. Nd2 Bf8 14. f3 exf3 15. Qxf3
Bg6 16. e4 c5 17. d5 Ne5 18. Qf2 a6 19. Nf3 Nxf3+ 20. gxf3 Be7 21. Kh1 Nh5 22.
Red1 Bh4 23. Qg2 Nf4 24. Qg4 Bg5 25. h4 Bh5 26. Qg3 Qf6 27. hxg5 hxg5 28. Rd2
Ng6 29. Rf2 Ne5 30. Be2 Ng6 31. Nd1 Qe7 32. Ne3 f6 33. Nf5 Qd8 34. Qxd6 Qa5 35.
Rg1 Rad8 36. Qh2 Nf4 37. Bd1 Bg6 38. Bc1 Kf7 39. Bxf4 Rh8 40. Nd6+ Rxd6 41. Bxd6
Rxh2+ 42. Rxh2 Qc3 43. Rh8 g4 44. Rf8# 1-0

[Event "World Blitz Women 2017"]
[Site "Riyadh KSA"]
[Date "2017.12.29"]
[Round "8.17"]
[White "Cori T., Deysi"]
[Black "Vo, Thi Kim Phung"]
[Result "0-1"]
[WhiteTitle "WGM"]
[BlackTitle "WGM"]
[WhiteElo "2389"]
[BlackElo "2380"]
[WhiteFideId "3801934"]
[BlackFideId "12401838"]
[EventDate "2017.12.29"]

1. d4 Nf6 2. Nf3 e6 3. e3 b6 4. c4 Bb7 5. Bd3 d6 6. Nc3 Nbd7 7. O-O c5 8. Qe2
cxd4 9. exd4 d5 10. cxd5 Nxd5 11. Nxd5 Bxd5 12. Ne5 Bd6 13. Nxd7 Qxd7 14. Bb5
Bc6 15. Bxc6 Qxc6 16. Qg4 g6 17. Bh6 Qd5 18. Rac1 Rd8 19. b3 Be7 20. Bg7 Rg8 21.
Be5 h5 22. Qf4 g5 23. Qe3 f6 24. Bc7 Rd7 25. Rfe1 Kf7 26. Qh3 Rh8 27. Re3 g4 28.
Qg3 Qxd4 29. Rce1 e5 30. Bxe5 fxe5 31. Rxe5 Bf6 32. R5e2 h4 33. Qe3 Qxe3 34.
fxe3 Re8 35. g3 hxg3 36. hxg3 Re4 37. Kg2 Kg6 38. Rc2 Rd6 39. Rc8 Rd2+ 40. Kg1
Rxa2 41. Rc6 Kg7 42. Rf1 Be7 43. Rc3 Re2 44. Rf4 Rxf4 45. gxf4 Bc5 46. b4 Rxe3 0-1

[Event "World Blitz Women 2017"]
[Site "Riyadh KSA"]
[Date "2017.12.29"]
[Round "8.18"]
[White "Batchimeg, Tuvshintugs"]
[Black "Zhukova, Natalia"]
[Result "0-1"]
[WhiteTitle "IM"]
[BlackTitle "GM"]
[WhiteElo "2398"]
[BlackElo "2444"]
[WhiteFideId "4900839"]
[BlackFideId "14101513"]
[EventDate "2017.12.29"]

1. d4 Nf6 2. c4 c5 3. d5 b5 4. cxb5 a6 5. b6 d6 6. Nc3 Nbd7 7. e4 Rb8 8. a4 Rxb6
9. Nf3 g6 10. Bc4 Bg7 11. O-O O-O 12. h3 Ne8 13. Qd3 Nc7 14. a5 Rb4 15. b3 Nb5
16. Bd2 Nd4 17. Nxd4 cxd4 18. Na4 Ne5 19. Qe2 d3 20. Qd1 Rb8 21. Rb1 f5 22. exf5
Bxf5 23. Nb6 Qc7 24. Be3 Be4 25. f3 Bf5 26. Qd2 Qd8 27. g4 Bd7 28. f4 Nxc4 29.
bxc4 e6 30. Qxd3 e5 31. Kg2 Qe7 32. Rbe1 e4 33. Qc2 Rbe8 34. c5 Qf7 35. c6 Bc8
36. Rf2 h5 37. g5 Qf5 38. Rh1 h4 39. Nxc8 Rxc8 40. Qd2 Rb8 41. Bb6 Rfc8 42. Rd1
Re8 43. Qe3 Rbc8 44. Rfd2 Rf8 45. Rf2 Rf7 46. c7 Kh7 47. Qd2 Re7 48. Qe3 Rf7 49.
Rdd2 Re7 50. Bd4 Rexc7 51. Bxg7 Kxg7 52. Qd4+ Kh7 53. Rde2 Rc3 54. Re3 R3c4 55.
Qa7+ R8c7 56. Qb6 Qxd5 57. f5 gxf5 58. Qb8 f4 59. g6+ Kg7 60. Rxf4 Qg5+ 0-1

[Event "World Blitz Women 2017"]
[Site "Riyadh KSA"]
[Date "2017.12.29"]
[Round "8.19"]
[White "Sukandar, Irine Kharisma"]
[Black "Shuvalova, Polina"]
[Result "1-0"]
[WhiteTitle "IM"]
[BlackTitle "WIM"]
[WhiteElo "2384"]
[BlackElo "2385"]
[WhiteFideId "7101937"]
[BlackFideId "24171760"]
[EventDate "2017.12.29"]

1. e4 c6 2. d4 d5 3. Nc3 dxe4 4. Nxe4 Bf5 5. Ng3 Bg6 6. h4 h6 7. Nf3 Nd7 8. h5
Bh7 9. Bd3 Bxd3 10. Qxd3 e6 11. Bd2 Ngf6 12. O-O-O Be7 13. Qe2 O-O 14. Nf1 c5
15. g4 cxd4 16. Nxd4 Rc8 17. Kb1 Qc7 18. g5 e5 19. gxf6 Bxf6 20. Nb3 Qxc2+ 21.
Ka1 e4 22. Rb1 Nc5 23. Nxc5 Qxc5 24. Ne3 Rcd8 25. Ng4 Bd4 26. Be3 f5 27. Rbc1
Qb4 28. Bxd4 Rxd4 29. Ne3 Qb6 30. Rhd1 Rxd1 31. Rxd1 Kh8 32. Nd5 Qc5 33. Nf4 Rc8
34. Ng6+ Kh7 35. Qd2 Qc4 36. a3 Qc5 37. Qf4 a5 38. Ne5 Rf8 39. Nd7 Qc2 40. Nxf8+
Kg8 41. Rd8 Qc5 42. Ng6+ 1-0

[Event "World Blitz Women 2017"]
[Site "Riyadh KSA"]
[Date "2017.12.29"]
[Round "8.20"]
[White "Belenkaya, Dina"]
[Black "Pham, Le Thao Nguyen"]
[Result "1-0"]
[WhiteTitle "WGM"]
[BlackTitle "IM"]
[WhiteElo "2303"]
[BlackElo "2354"]
[WhiteFideId "24142654"]
[BlackFideId "12401226"]
[EventDate "2017.12.29"]

1. e4 c5 2. Nf3 e6 3. g3 a6 4. Bg2 d6 5. O-O Nf6 6. Re1 Be7 7. c3 O-O 8. d4 Nc6
9. dxc5 dxc5 10. Qe2 b6 11. Nbd2 Bb7 12. Rd1 Qb8 13. Nc4 Qa7 14. Bf4 b5 15. Nd6
Rad8 16. Nxb7 Qxb7 17. Ne5 Nxe5 18. Bxe5 Nd7 19. Bd6 Bxd6 20. e5 Qb8 21. Rxd6
Nxe5 22. Rxa6 Nd3 23. Rd1 c4 24. b3 Nc5 25. Rc6 Rxd1+ 26. Qxd1 Qa7 27. Qd4 Qxa2
28. Qxc5 cxb3 29. Rc8 1-0

[Event "World Blitz Women 2017"]
[Site "Riyadh KSA"]
[Date "2017.12.29"]
[Round "8.21"]
[White "Charochkina, Daria"]
[Black "Ovod, Evgenija"]
[Result "1-0"]
[WhiteTitle "IM"]
[BlackTitle "IM"]
[WhiteElo "2317"]
[BlackElo "2364"]
[WhiteFideId "4180917"]
[BlackFideId "4131827"]
[EventDate "2017.12.29"]

1. d4 d5 2. c4 c6 3. Nc3 Nf6 4. Nf3 dxc4 5. a4 e6 6. e3 c5 7. Bxc4 Nc6 8. O-O
cxd4 9. exd4 Be7 10. Be3 O-O 11. Qe2 Bd7 12. Rfd1 Nb4 13. Ne5 Bc6 14. a5 Bd5 15.
Nxd5 Nfxd5 16. Ra3 Rc8 17. Bc1 Bg5 18. Bxg5 Qxg5 19. Rg3 Qe7 20. Qg4 f6 21. Bxd5
Nxd5 22. Nd3 Rc2 23. h3 Rfc8 24. Nc5 f5 25. Qf3 Rxb2 26. Re1 Qf6 27. Nxe6 Nc3
28. Rxg7+ Kh8 29. Qh5 h6 30. Rf7 1-0

[Event "World Blitz Women 2017"]
[Site "Riyadh KSA"]
[Date "2017.12.29"]
[Round "8.22"]
[White "Nakhbayeva, Guliskhan"]
[Black "Guo, Qi"]
[Result "0-1"]
[WhiteTitle "WGM"]
[BlackTitle "IM"]
[WhiteElo "2314"]
[BlackElo "2396"]
[WhiteFideId "13704788"]
[BlackFideId "8604002"]
[EventDate "2017.12.29"]

1. d4 d5 2. c4 e6 3. Nc3 Be7 4. Bf4 Nf6 5. e3 O-O 6. h3 c5 7. Nf3 Nc6 8. dxc5
Bxc5 9. Be2 d4 10. exd4 Nxd4 11. O-O Nxe2+ 12. Qxe2 b6 13. Rad1 Qe7 14. a3 a5
15. Na4 Ba6 16. Nxc5 Qxc5 17. Rd4 Rfd8 18. Rfd1 Rxd4 19. Rxd4 Rc8 20. Bd6 Qf5
21. b3 Qb1+ 22. Qd1 Qxd1+ 23. Rxd1 a4 24. bxa4 Bxc4 25. Bc7 Nd5 26. Bd6 Bb3 27.
Rb1 Bxa4 28. Rb2 Rc1+ 29. Kh2 f6 30. g4 Kf7 31. Kg3 Rc3 32. Kg2 Bc6 33. Nd4 Nf4+
34. Kg1 Nxh3+ 35. Kh2 Ng5 36. f4 Rh3+ 37. Kg1 Rh1+ 38. Kf2 Rh2+ 39. Ke3 Rxb2 40.
Nxc6 Nh3 41. Nd8+ Ke8 42. Nb7 Kd7 43. Bb4 Rxb4 44. axb4 Kc7 45. f5 exf5 46. gxf5
Kxb7 47. b5 Kc7 48. Kf3 Ng5+ 49. Kf4 Nf7 50. Ke4 Nd6+ 51. Kf4 Nxb5 0-1

[Event "World Blitz Women 2017"]
[Site "Riyadh KSA"]
[Date "2017.12.29"]
[Round "8.23"]
[White "Nechaeva, Marina"]
[Black "Badelka, Olga"]
[Result "1-0"]
[WhiteTitle "IM"]
[BlackTitle "WIM"]
[WhiteElo "2424"]
[BlackElo "2388"]
[WhiteFideId "4149351"]
[BlackFideId "13509926"]
[EventDate "2017.12.29"]

1. d4 d5 2. c4 dxc4 3. e4 Nf6 4. e5 Nd5 5. Bxc4 Nb6 6. Bd3 Nc6 7. Be3 Nb4 8. Be4
f5 9. a3 N4d5 10. Bxd5 Nxd5 11. Nc3 e6 12. Nge2 Be7 13. Nf4 Nxf4 14. Bxf4 O-O
15. O-O c6 16. Rc1 Bd7 17. Na4 b6 18. Qb3 Rc8 19. Rfd1 Qe8 20. h3 c5 21. Nc3
cxd4 22. Rxd4 Bc5 23. Rd2 Bc6 24. Rd3 Qf7 25. Rcd1 Rfe8 26. Nb5 Qb7 27. Nd6 Bxd6
28. exd6 Rcd8 29. Be5 Bxg2 30. Rg3 Bd5 31. Rxd5 Qxd5 32. Rxg7+ Kf8 33. Qg3 Rc8
34. Rg8+ 1-0

[Event "World Blitz Women 2017"]
[Site "Riyadh KSA"]
[Date "2017.12.29"]
[Round "8.24"]
[White "Hoang, Thanh Trang"]
[Black "Mkrtchian, Lilit"]
[Result "0-1"]
[WhiteTitle "GM"]
[BlackTitle "IM"]
[WhiteElo "2439"]
[BlackElo "2376"]
[WhiteFideId "12400149"]
[BlackFideId "13300601"]
[EventDate "2017.12.29"]

1. d4 Nf6 2. Bf4 d6 3. e3 g6 4. Nf3 Bg7 5. Be2 b6 6. O-O Bb7 7. h3 O-O 8. a4 a6
9. Nbd2 c5 10. c3 Ne4 11. Nxe4 Bxe4 12. Qb3 Nd7 13. Rfd1 Qc7 14. Rac1 Bb7 15.
Nd2 Nf6 16. Bf3 Bxf3 17. Nxf3 Rab8 18. c4 Nd7 19. Qc2 Qb7 20. b3 b5 21. cxb5
axb5 22. Qa2 bxa4 23. bxa4 Qb2 24. Rc2 Qxa2 25. Rxa2 Rb4 26. a5 Ra8 27. Bg5 Kf8
28. dxc5 Nxc5 29. Nd4 Bxd4 30. exd4 Na6 31. Be3 d5 32. Rc1 Ke8 33. Rc6 Kd7 34.
Rc1 Rc8 35. Rxc8 Kxc8 36. Kf1 Kb7 37. Ke2 Nc7 38. Kd3 Ka6 39. Bd2 Rc4 40. Rc2
Rxc2 41. Kxc2 Kb5 42. Kd3 Na6 43. g4 Nb8 44. Ke3 Nc6 45. Kf4 f6 46. g5 Nxd4 47.
gxf6 exf6 48. Be1 Nc6 49. Ke3 Nxa5 50. Kd4 Nc4 51. Kxd5 Ne5 52. Ke6 Nd3 53. Bc3
Nxf2 54. h4 g5 55. Bxf6 g4 56. Be5 Kc4 57. Bg3 Ne4 58. Bf4 Kd3 59. Kf5 g3 60.
Kg4 g2 61. Bh2 Ke2 62. Kh5 Nf2 63. Bg1 Kf1 64. Bh2 Nd1 65. Kh6 Ne3 66. Kxh7 Ng4
67. h5 Nxh2 68. h6 Ng4 0-1

[Event "World Blitz Women 2017"]
[Site "Riyadh KSA"]
[Date "2017.12.29"]
[Round "8.25"]
[White "Huang, Qian"]
[Black "Fierro Baquero, Martha L."]
[Result "1-0"]
[WhiteTitle "WGM"]
[BlackTitle "IM"]
[WhiteElo "2438"]
[BlackElo "2369"]
[WhiteFideId "8602689"]
[BlackFideId "3600270"]
[EventDate "2017.12.29"]

1. Nf3 g6 2. d4 Bg7 3. g3 Nf6 4. Bg2 O-O 5. O-O d6 6. Re1 Nbd7 7. e4 e5 8. c3
Re8 9. Qc2 b6 10. d5 a5 11. h3 a4 12. Be3 Nc5 13. Nbd2 Ba6 14. c4 Bc8 15. b4
axb3 16. axb3 Bd7 17. b4 Na4 18. Nb3 Nh5 19. c5 bxc5 20. bxc5 Bb5 21. Kh2 Qe7
22. Bg5 Bf6 23. Be3 Reb8 24. Rec1 Bg7 25. c6 Qf8 26. Nbd2 f5 27. Ng5 Qf6 28. Ne6
f4 29. gxf4 Nxf4 30. Rcb1 Nxg2 31. Kxg2 Qf7 32. Rxb5 Rxb5 33. Rxa4 Rab8 34. Ra7
Rb2 35. Qc3 Bf6 36. Rxc7 Qe8 37. Ra7 1-0

[Event "World Blitz Women 2017"]
[Site "Riyadh KSA"]
[Date "2017.12.29"]
[Round "8.27"]
[White "Bulmaga, Irina"]
[Black "Socko, Monika"]
[Result "1/2-1/2"]
[WhiteTitle "IM"]
[BlackTitle "GM"]
[WhiteElo "2427"]
[BlackElo "2471"]
[WhiteFideId "13903063"]
[BlackFideId "1106619"]
[EventDate "2017.12.29"]

1. e4 e6 2. d4 d5 3. Nc3 Bb4 4. exd5 exd5 5. Bd3 Nc6 6. Ne2 Be6 7. a3 Bxc3+ 8.
bxc3 Qd7 9. Ng3 O-O-O 10. O-O h5 11. Rb1 h4 12. Ne2 Nge7 13. Bd2 Bg4 14. f3 Bf5
15. Be3 Rde8 16. Bf2 g5 17. c4 g4 18. Bxf5 Qxf5 19. fxg4 Qxg4 20. Nc3 Qg5 21.
cxd5 h3 22. Bg3 hxg2 23. Rxf7 Qe3+ 24. Kxg2 Qxc3 25. dxc6 Qxc6+ 26. Kg1 Nd5 27.
c4 Qe6 28. Qf3 Qg6 29. Rf1 Re3 30. Rf8+ Rxf8 31. Qxf8+ Kd7 32. Rf7+ Ne7 33. Kf2
Re6 34. Rf3 Qc2+ 35. Kg1 Qd1+ 36. Kg2 Qxd4 37. Qf7 Re2+ 38. Rf2 Qe4+ 39. Kh3
Rxf2 40. Bxf2 b6 41. Bh4 Qe6+ 42. Qxe6+ Kxe6 43. Kg4 Nc6 44. Bg3 Na5 45. h4 Nxc4
46. Kg5 Ne3 47. Bxc7 Nd5 48. Bb8 a6 49. h5 Kf7 50. h6 Nf6 51. Be5 Nh7+ 52. Kf5
Nf8 53. a4 b5 54. a5 b4 55. Ke4 Kg6 56. Bf4 Ne6 57. Bc1 Nc5+ 58. Kd5 Nb3 59. Bb2
Nxa5 60. Kc5 b3 61. Kb4 Nc6+ 62. Kxb3 Kxh6 63. Ka4 1/2-1/2

[Event "World Blitz Women 2017"]
[Site "Riyadh KSA"]
[Date "2017.12.29"]
[Round "8.28"]
[White "Zhu, Chen"]
[Black "Zawadzka, Jolanta"]
[Result "1/2-1/2"]
[WhiteTitle "GM"]
[BlackTitle "WGM"]
[WhiteElo "2423"]
[BlackElo "2424"]
[WhiteFideId "8600546"]
[BlackFideId "1122320"]
[EventDate "2017.12.29"]

1. e4 c5 2. Nf3 Nc6 3. Bb5 d6 4. O-O Bd7 5. Re1 Nf6 6. c3 a6 7. Ba4 b5 8. Bc2 g6
9. h3 Bg7 10. d4 cxd4 11. cxd4 O-O 12. Nbd2 Rc8 13. a4 Qb6 14. axb5 axb5 15. Nb3
Ra8 16. Rxa8 Rxa8 17. Be3 Qb7 18. d5 Nb4 19. Bb1 Ne8 20. Qd2 Na6 21. Bd4 Rc8 22.
Bd3 Nc5 23. Na5 Qc7 24. Bf1 Bxd4 25. Nxd4 Nf6 26. f3 e6 27. b4 Nb7 28. dxe6 fxe6
29. Qa2 Kf7 30. Kh1 Nxa5 31. bxa5 Ra8 32. a6 Qb6 33. Rd1 Rxa6 34. Qb3 Ra4 35.
Nxb5 Bxb5 36. Qxb5 Qxb5 37. Bxb5 Rb4 38. Bc6 d5 39. exd5 exd5 40. Bxd5+ Kg7 41.
Be6 Rb6 42. Bc4 Rc6 43. Ba2 Rc2 44. Bb3 Rb2 45. Rd3 Nh5 46. Rd7+ Kh6 47. Bg8 Nf6
48. Be6 Nxd7 49. Bxd7 Kg5 50. Kh2 Kf4 51. Bc6 g5 52. Be8 h6 53. Bh5 Ke3 54. Kg3
Rb4 55. Bg4 Rb2 56. Bh5 Rb4 57. Bg6 Rb6 58. Bf7 Rf6 59. Bh5 Rf4 60. Bg4 Rb4 61.
h4 Ra4 62. hxg5 hxg5 63. Bf5 Rf4 64. Bg6 Rd4 65. Be4 Rd2 66. Bf5 Rb2 67. Bh3 Rb4
68. Bf5 Rb2 69. Be4 Kd4 70. Bf5 Ke5 71. Bh3 Kf6 72. Bg4 Rd2 73. Kh3 Rb2 74. Kg3
Rd2 1/2-1/2